[Event "Schweinfurt op"]
[Site "Schweinfurt"]
[Date "2007.05.19"]
[Round "5"]
[White "Heuberger, Josef"]
[Black "Braszus, Benedikt"]
[Result "1-0"]
[WhiteElo "1357"]
[BlackElo "1072"]
[PlyCount "95"]
[EventDate "2007.05.17"]
[EventType "swiss"]
[EventRounds "7"]
[EventCountry "GER"]
[SourceTitle "CBM 118 Extra"]
[Source "ChessBase"]
[SourceDate "2007.07.04"]
[SourceVersion "1"]
[SourceVersionDate "2007.07.04"]
[SourceQuality "1"]

1. d4 d5 2. Nf3 Bg4 3. e3 Nc6 4. Bb5 Qd6 5. Nbd2 e6 6. c4 Nge7 7. Qa4 f6 8. b4 a6 9. Bxc6+ Nxc6 10. b5 Qb4 11. Qb3 Qxb3 12. Nxb3 axb5 13. cxd5 Bxf3 14. gxf3 Bb4+ 15. Bd2 Bxd2+ 16. Kxd2 exd5 17. a3 0-0 18. Rhc1 b6 19. Rxc6 Rf7 20. Kc2 Rc8 21. Kb2 f5 22. f4 h6 23. Rg1 Kh7 24. h4 Rg8 25. h5 Rd7 26. Nc1 Rd6 27. Rxc7 Kh8 28. Nd3 g6 29. hxg6 Rdxg6 30. Rh1 R8g7 31. Rc8+ Kh7 32. Ne5 Rg2 33. Rc2 Rg1 34. Rh5 Ra7 35. Rxf5 Rh1 36. Nc6 Rd7 37. Nb4 h5 38. Nxd5 Rd6 39. Rg5 h4 40. Rc7+ Kh6 41. Rc8 Kh7 42. Rh5+ Kg7 43. Ne7 Rf6 44. Rg5+ Kf7 45. Nf5 h3 46. Rc7+ Kf8 47. Rh7 Rf7 48. Rh8# 1-0